[Event "XXVII Festival Conca della Presolana A"]
[Site "Bratto - Castione della Presolana ITA"]
[Date "2007.08.23"]
[Round "1"]
[White "Andreoli, Renato"]
[Black "Cebalo, Miso"]
[Result "0-1"]
[WhiteElo "2145"]
[BlackElo "2533"]
[PlyCount "86"]
[EventDate "2007.08.23"]

1. Nf3 c5 2. g3 g6 3. Bg2 Bg7 4. d4 cxd4 5. Nxd4 Nc6 6. Nxc6 bxc6 7. O-O Nf6 8.
Nd2 O-O 9. Nb3 a5 10. a4 Ng4 11. Bd2 Bxb2 12. Rb1 Be5 13. e4 Nf6 14. f4 Bc7 15.
e5 Ne8 16. Qe1 Ng7 17. Rd1 Ba6 18. Rf3 Bc4 19. g4 f5 20. g5 Bb6+ 21. Kh1 Bd5
22. Rd3 Bxg2+ 23. Kxg2 Ne6 24. Kg3 Ra7 25. Be3 Kf7 26. Bxb6 Qxb6 27. Rxd7 Rxd7
28. Rxd7 Rd8 29. Rxd8 Qxd8 30. Qxa5 Qd1 31. Qd2 Qg4+ 32. Kf2 Nxf4 33. a5 Nh3+
34. Ke1 Nxg5 35. Qd3 Qg1+ 36. Ke2 Qxh2+ 37. Ke1 Qh1+ 38. Ke2 Qh2+ 39. Ke1 f4
40. Qc4+ Kg7 41. e6 Nf3+ 42. Kd1 Qg1+ 43. Ke2 Qe3+ 0-1

[Event "XXVII Festival Conca della Presolana A"]
[Site "Bratto - Castione della Presolana ITA"]
[Date "2007.08.23"]
[Round "1"]
[White "Andreolini, Mauro"]
[Black "Chierici, Marianna"]
[Result "0-1"]
[WhiteElo "2219"]
[BlackElo "2004"]
[PlyCount "80"]
[EventDate "2007.08.23"]

1. e4 d6 2. d4 Nf6 3. Nc3 e5 4. Nf3 Nbd7 5. Bc4 Be7 6. O-O O-O 7. Re1 c6 8. a4
Re8 9. Bg5 Qc7 10. h3 Nf8 11. Qd2 Ne6 12. Bh4 Bd7 13. dxe5 dxe5 14. Nxe5 Qxe5
15. Bxf6 Bxf6 16. Qxd7 Re7 17. Bxe6 Rxd7 18. Bxd7 Qc5 19. Re3 Bd4 20. Rd3 Rd8
21. Bg4 Bxf2+ 22. Kh1 Rxd3 23. cxd3 Qe5 24. Rd1 Bd4 25. Bf3 a6 26. Rc1 Qf4 27.
Ne2 Qd2 28. b3 Be5 29. b4 Qxd3 30. Ng3 g6 31. Nf1 Qa3 32. Rc5 Bd6 33. Rc4 Qd3
34. Rc1 Bxb4 35. Rd1 Qc3 36. Rd8+ Kg7 37. Rd7 b5 38. axb5 cxb5 39. Rd5 Bc5 40.
Rd1 a5 0-1

[Event "XXVII Festival Conca della Presolana A"]
[Site "Bratto - Castione della Presolana ITA"]
[Date "2007.08.23"]
[Round "1"]
[White "Astengo, Corrado"]
[Black "Siebrecht, Sebastian"]
[Result "0-1"]
[WhiteElo "2109"]
[BlackElo "2431"]
[PlyCount "60"]
[EventDate "2007.08.23"]

1. e4 c5 2. Nf3 e6 3. d4 cxd4 4. Nxd4 a6 5. Nc3 Qc7 6. Bd3 b5 7. O-O Bb7 8. Kh1
Nc6 9. Nxc6 Bxc6 10. Qe2 Qb7 11. Bd2 Nf6 12. Rae1 Be7 13. f4 b4 14. Nd1 Bb5 15.
e5 Nd5 16. Ne3 Nxe3 17. Qxe3 g6 18. Rf3 Rc8 19. c3 a5 20. Qe2 Bxd3 21. Qxd3 O-O
22. Rh3 Rfd8 23. Qe3 Bf8 24. f5 exf5 25. Rf1 Qe4 26. Qxe4 fxe4 27. Rh4 d5 28.
Bg5 Re8 29. cxb4 axb4 30. Bf6 Bg7 0-1

[Event "XXVII Festival Conca della Presolana A"]
[Site "Bratto - Castione della Presolana ITA"]
[Date "2007.08.23"]
[Round "1"]
[White "Barlocco, Carlo"]
[Black "Vocaturo, Daniele"]
[Result "1/2-1/2"]
[WhiteElo "2116"]
[BlackElo "2459"]
[PlyCount "95"]
[EventDate "2007.08.23"]

1. d4 Nf6 2. Nf3 c5 3. c3 e6 4. Bf4 Be7 5. e3 b6 6. Nbd2 O-O 7. Bd3 Bb7 8. O-O
Nh5 9. Bxb8 Rxb8 10. e4 Nf4 11. Bc2 Ba6 12. Re1 cxd4 13. Nxd4 Nd3 14. Bxd3 Bxd3
15. e5 f6 16. exf6 Bxf6 17. Ne4 Bxe4 18. Rxe4 b5 19. Qd3 b4 20. cxb4 e5 21. Nf3
d5 22. Rd1 dxe4 23. Qc4+ Kh8 24. Rxd8 Rfxd8 25. Qxe4 Rd1+ 26. Ne1 a5 27. bxa5
Rxb2 28. g3 Rxa2 29. Kg2 Rd4 30. Qc6 h6 31. Nf3 Rd8 32. a6 Rb8 33. h4 e4 34.
Qxe4 Rxa6 35. g4 Ra5 36. Qf4 Rf8 37. Qb4 Rfa8 38. Qe4 Rf8 39. Qb4 Rfa8 40. Qe4
Ra4 41. Qe6 R8a5 42. g5 hxg5 43. Qe8+ Kh7 44. Qh5+ Kg8 45. hxg5 Re4 46. Qg6
Rg4+ 47. Kh3 Rf4 48. Qe8+ 1/2-1/2

[Event "XXVII Festival Conca della Presolana A"]
[Site "Bratto - Castione della Presolana ITA"]
[Date "2007.08.23"]
[Round "1"]
[White "Borgo, Giulio"]
[Black "Lampl, Gerald"]
[Result "1-0"]
[WhiteElo "2421"]
[BlackElo "2099"]
[PlyCount "102"]
[EventDate "2007.08.23"]

1. Nf3 Nf6 2. c4 g6 3. b3 Bg7 4. Bb2 O-O 5. g3 d6 6. d4 Bf5 7. Bg2 Qc8 8. O-O
c6 9. Nbd2 Re8 10. Re1 Ne4 11. Nf1 Bh3 12. Qd3 Bxg2 13. Kxg2 Nc5 14. Qc2 Ncd7
15. e4 e5 16. Rad1 Nf8 17. h4 h5 18. dxe5 dxe5 19. c5 Nbd7 20. Ne3 b5 21. cxb6
axb6 22. Nc4 Qc7 23. a4 Rab8 24. Ba3 c5 25. Nd6 Re6 26. Qd3 Bf6 27. Nb5 Qb7 28.
Nd2 Rd8 29. Nc4 Nb8 30. Qf3 Nc6 31. Bb2 Nd4 32. Bxd4 cxd4 33. Rc1 Be7 34. Nb2
Rc6 35. Nd3 Nd7 36. Rxc6 Qxc6 37. Rc1 Qe6 38. b4 f6 39. Qd1 Nb8 40. Qc2 Na6 41.
Nc7 Nxc7 42. Qxc7 Kf8 43. Rc4 Ra8 44. Rc6 Qb3 45. Qb7 Re8 46. Qa6 Bd8 47. a5
Qa2 48. Kf1 bxa5 49. bxa5 Qa1+ 50. Kg2 Kf7 51. Qc4+ Kg7 1-0

[Event "XXVII Festival Conca della Presolana A"]
[Site "Bratto - Castione della Presolana ITA"]
[Date "2007.08.23"]
[Round "1"]
[White "Bracaglia, Carlo"]
[Black "Sax, Gyula"]
[Result "0-1"]
[WhiteElo "2134"]
[BlackElo "2522"]
[PlyCount "140"]
[EventDate "2007.08.23"]

1. e4 c5 2. Nc3 e6 3. g3 d5 4. d3 d4 5. Nce2 b6 6. Bg2 Bb7 7. Nf3 Nc6 8. O-O e5
9. Nd2 Bd6 10. f4 Nge7 11. Nf3 O-O 12. f5 f6 13. g4 b5 14. b3 c4 15. Ng3 Rc8
16. Rf2 g5 17. Nh5 Qa5 18. h4 h6 19. hxg5 hxg5 20. Bf1 cxb3 21. cxb3 Ba3 22.
Bxa3 Qxa3 23. Rh2 Qd6 24. a3 Nd8 25. Qd2 Nf7 26. Qg2 Rfd8 27. Qh3 Kf8 28. Ng3
Ng8 29. Qh7 Ke7 30. Qg6 Rf8 31. Rh7 Bc6 32. Rc1 a5 33. Nh5 Bd7 34. Rxc8 Bxc8
35. Rg7 Qd8 36. Rxg8 Rxg8 37. Qxf6+ Kf8 38. Qc6 Bd7 39. Qd5 Be8 40. Qc5+ Qe7
41. Qd5 Rh8 42. f6 Qd7 43. Nxe5 Qxd5 44. Ng6+ Kg8 45. Ne7+ Kh7 46. Nxd5 Ne5 47.
b4 axb4 48. Nxb4 Bxh5 49. gxh5 Rc8 50. Kh2 Rc3 51. Kg3 Rxa3 52. Nc2 Rc3 53.
Nxd4 b4 54. Nb5 Ra3 55. Be2 Ra2 56. Bg4 b3 57. Bf5+ Kh6 58. f7 Kg7 59. Be6 Ra8
60. Nc3 b2 61. h6+ Kf8 62. h7 Ng6 63. Kg4 Kg7 64. Bf5 Ne5+ 65. Kh5 Nxf7 66. d4
g4 67. h8=Q+ Kxh8 68. e5 g3 69. Bh3 Ra3 70. Nb1 Ra1 0-1

[Event "XXVII Festival Conca della Presolana A"]
[Site "Bratto - Castione della Presolana ITA"]
[Date "2007.08.23"]
[Round "1"]
[White "Bresciani, Nicola"]
[Black "Jablon, Stephen"]
[Result "1-0"]
[WhiteElo "2278"]
[BlackElo "2024"]
[PlyCount "47"]
[EventDate "2007.08.23"]

1. e4 Nc6 2. Nf3 d6 3. d4 Bg4 4. Be2 Nf6 5. Nc3 e6 6. O-O Be7 7. d5 exd5 8.
exd5 Ne5 9. Nxe5 Bxe2 10. Qxe2 dxe5 11. Qxe5 O-O 12. Rd1 Re8 13. Bf4 Bd6 14.
Qd4 a6 15. f3 c5 16. Qd2 b5 17. Bxd6 Qxd6 18. Re1 Red8 19. Rad1 Kh8 20. Qg5 c4
21. Ne4 Qb6+ 22. Kh1 Ne8 23. Qe7 Ra7 24. Qf8# 1-0

[Event "XXVII Festival Conca della Presolana A"]
[Site "Bratto - Castione della Presolana ITA"]
[Date "2007.08.23"]
[Round "1"]
[White "Brunello, Marina"]
[Black "Bonazzi, Edoardo"]
[Result "1-0"]
[WhiteElo "1947"]
[BlackElo "2185"]
[PlyCount "43"]
[EventDate "2007.08.23"]

1. e4 c6 2. d4 d5 3. e5 c5 4. c3 Nc6 5. Nf3 Bg4 6. Be2 e6 7. O-O cxd4 8. Nxd4
Bxe2 9. Qxe2 Nxd4 10. cxd4 Qb6 11. Be3 Ne7 12. Nc3 Nc6 13. f4 g6 14. Qd3 Be7
15. Rf2 Qa6 16. Qd1 h5 17. Rc1 Rc8 18. Qf3 Nb4 19. Rff1 Qa5 20. Qe2 Kd7 21. Bd2
Nc6 22. Qd3 {phone default} 1-0

[Event "XXVII Festival Conca della Presolana A"]
[Site "Bratto - Castione della Presolana ITA"]
[Date "2007.08.23"]
[Round "1"]
[White "Buono, Michele"]
[Black "Epishin, Vladimir V."]
[Result "0-1"]
[WhiteElo "2170"]
[BlackElo "2587"]
[PlyCount "122"]
[EventDate "2007.08.23"]

1. e4 c5 2. a3 g6 3. c3 d5 4. e5 Nh6 5. b4 c4 6. d4 cxd3 7. Bxd3 Nc6 8. f4 Bg7
9. Nf3 O-O 10. O-O f6 11. exf6 Bxf6 12. Ra2 Bf5 13. Re2 Qd7 14. Kh1 Bxd3 15.
Qxd3 Qf5 16. Rd1 Rad8 17. Be3 Qh5 18. Nbd2 Nf5 19. Bf2 Qg4 20. b5 Na5 21. Bxa7
Qxf4 22. Bb6 Rd6 23. Bxa5 Qa4 24. Bb4 Qxd1+ 25. Re1 Qa4 26. Bxd6 Nxd6 27. Qxd5+
Kh8 28. Ne4 Nxe4 29. Qxe4 Qxb5 30. Rb1 Qc6 31. Qxc6 bxc6 32. Rb6 Ra8 33. Rxc6
Rxa3 34. Kg1 Bxc3 35. Re6 Bf6 36. Kf2 Ra4 37. h3 h5 38. Nd2 Kg7 39. Kf3 Ra3+
40. Ke2 Ra2 41. Kd3 Bg5 42. Nf3 Rxg2 43. Nxg5 Rxg5 44. Rxe7+ Kf6 45. Re3 Re5
46. Rg3 g5 47. Kd4 Re1 48. Rf3+ Kg6 49. Rg3 h4 50. Rf3 Kh5 51. Kd3 Re5 52. Rf8
Kg6 53. Rg8+ Kf7 54. Ra8 Re1 55. Kd2 Rh1 56. Ra3 g4 57. Ra7+ Ke6 58. Ra6+ Kd5
59. Ra5+ Kc6 60. hxg4 h3 61. Ra6+ Kd7 0-1

[Event "XXVII Festival Conca della Presolana A"]
[Site "Bratto - Castione della Presolana ITA"]
[Date "2007.08.23"]
[Round "1"]
[White "Burmakin, Vladimir"]
[Black "Lapiccirella, Daniele"]
[Result "1-0"]
[WhiteElo "2581"]
[BlackElo "2164"]
[PlyCount "51"]
[EventDate "2007.08.23"]

1. d4 d5 2. Nf3 Nf6 3. g3 c6 4. Bg2 e6 5. O-O Nbd7 6. Nbd2 Bd6 7. Re1 O-O 8. e4
dxe4 9. Nxe4 Nxe4 10. Rxe4 c5 11. dxc5 Bxc5 12. Be3 Nf6 13. Bxc5 Nxe4 14. Bxf8
Qxd1+ 15. Rxd1 Kxf8 16. Rd8+ Ke7 17. Rg8 Kf6 18. c4 a6 19. h4 h5 20. Ng5 Nxg5
21. hxg5+ Kxg5 22. Rxg7+ Kf6 23. Rg8 a5 24. b3 Ke5 25. Rd8 Kf6 26. Bf3 1-0

[Event "XXVII Festival Conca della Presolana A"]
[Site "Bratto - Castione della Presolana ITA"]
[Date "2007.08.23"]
[Round "1"]
[White "Capece, Adolivio"]
[Black "Zimina, Olga"]
[Result "0-1"]
[WhiteElo "2049"]
[BlackElo "2377"]
[PlyCount "46"]
[EventDate "2007.08.23"]

1. Nf3 d5 2. g3 Bg4 3. Bg2 Nd7 4. d4 c6 5. Nbd2 e6 6. h3 Bh5 7. c4 Ngf6 8. O-O
Bd6 9. a3 O-O 10. c5 Bc7 11. b4 e5 12. dxe5 Nxe5 13. Bb2 Nxf3+ 14. Nxf3 Re8 15.
Re1 Ne4 16. g4 Bg6 17. Qd4 f6 18. Rad1 b6 19. Rc1 Qe7 20. Qe3 bxc5 21. bxc5 Ba5
22. Red1 Qb7 23. Qd4 Nxf2 0-1

[Event "XXVII Festival Conca della Presolana A"]
[Site "Bratto - Castione della Presolana ITA"]
[Date "2007.08.23"]
[Round "1"]
[White "Cardili, Mariano"]
[Black "Manca, Federico"]
[Result "1-0"]
[WhiteElo "2094"]
[BlackElo "2417"]
[PlyCount "85"]
[EventDate "2007.08.23"]

1. d4 Nf6 2. c4 g6 3. Nc3 Bg7 4. e4 d6 5. Nf3 O-O 6. Be2 e5 7. O-O Nc6 8. d5
Ne7 9. Ne1 Nd7 10. Nd3 f5 11. Bd2 Nf6 12. f3 f4 13. Rc1 g5 14. c5 Ng6 15. cxd6
cxd6 16. Nb5 Rf7 17. Qc2 Ne8 18. a4 h5 19. h3 Bf8 20. Nf2 Rg7 21. Qb3 Nh4 22.
Rc2 a6 23. Na3 Nf6 24. Be1 Bd7 25. Nc4 b5 26. axb5 axb5 27. Na3 Rb8 28. Rd2 Qb6
29. Kh1 Be7 30. Nc2 Kf7 31. Nd3 Ng6 32. Bf2 Qa5 33. Rdd1 g4 34. Ra1 Qd8 35.
Ncb4 g3 36. Nc6 Qc8 37. Rfc1 Bxh3 38. Ncxe5+ dxe5 39. Rxc8 Bxc8 40. Bc5 Rb7 41.
Bxe7 Rxe7 42. d6+ Be6 43. Qxb5 1-0

[Event "XXVII Festival Conca della Presolana A"]
[Site "Bratto - Castione della Presolana ITA"]
[Date "2007.08.23"]
[Round "1"]
[White "Castrogiovanni, Carlo"]
[Black "Mogranzini, Roberto"]
[Result "0-1"]
[WhiteElo "2086"]
[BlackElo "2411"]
[PlyCount "68"]
[EventDate "2007.08.23"]

1. Nf3 Nf6 2. c4 g6 3. Nc3 Bg7 4. g3 O-O 5. Bg2 Nc6 6. d4 d6 7. O-O Bf5 8. d5
Na5 9. Nd4 Bd7 10. Qd3 c5 11. dxc6 Nxc6 12. Nxc6 bxc6 13. e4 Qa5 14. Bd2 Qh5
15. Qe2 Qxe2 16. Nxe2 a5 17. Bc3 a4 18. e5 Ne8 19. exd6 Nxd6 20. Bxg7 Kxg7 21.
Rfd1 Bg4 22. f3 Be6 23. b3 c5 24. Nf4 Rfb8 25. Nd3 Ra5 26. Bf1 Bf5 27. Rab1
axb3 28. axb3 Ra3 29. g4 Bxd3 30. Rxd3 Rb4 31. Rc3 Nc8 32. Bd3 Na7 33. Bc2 Nc6
34. Kg2 34... Nd4 {...} 0-1

[Event "XXVII Festival Conca della Presolana A"]
[Site "Bratto - Castione della Presolana ITA"]
[Date "2007.08.23"]
[Round "1"]
[White "Chkhaidze, Nikoloz"]
[Black "Testa, Adriano"]
[Result "1-0"]
[WhiteElo "2183"]
[BlackElo "1927"]
[PlyCount "57"]
[EventDate "2007.08.23"]

1. e4 d5 2. exd5 Qxd5 3. Nc3 Qa5 4. Nf3 Nf6 5. d4 c6 6. Bc4 Bf5 7. Bd2 e6 8.
Nd5 Qd8 9. Nxf6+ gxf6 10. Be3 Nd7 11. Bd3 Bg6 12. Qe2 Qc7 13. O-O-O O-O-O 14.
Kb1 Nb6 15. h4 Nd5 16. h5 Bxd3 17. Rxd3 Qa5 18. Bd2 Qb5 19. g4 Bh6 20. a4 Qa6
21. Bxh6 Qxa4 22. Bd2 c5 23. Ra3 Qc6 24. Qc4 b6 25. Rxa7 Nc7 26. Rh3 Nb5 27.
Rxf7 Nxd4 28. Qa6+ Kb8 29. Bf4+ 1-0

[Event "XXVII Festival Conca della Presolana A"]
[Site "Bratto - Castione della Presolana ITA"]
[Date "2007.08.23"]
[Round "1"]
[White "Cugini, Verter"]
[Black "Parodi, Alessandro"]
[Result "1-0"]
[WhiteElo "2199"]
[BlackElo "1961"]
[PlyCount "101"]
[EventDate "2007.08.23"]

1. e4 d6 2. d4 Nf6 3. Nc3 g6 4. g3 Bg7 5. Bg2 O-O 6. Nge2 c6 7. O-O e5 8. h3 d5
9. exd5 exd4 10. Nxd4 cxd5 11. Bg5 h6 12. Be3 Nc6 13. Nxc6 bxc6 14. Qd2 Kh7 15.
Rfe1 Nd7 16. Bd4 Bxd4 17. Qxd4 Qf6 18. Rad1 Qxd4 19. Rxd4 Nf6 20. b4 Bf5 21. g4
Be6 22. Ne2 a5 23. Nf4 Rfe8 24. a3 axb4 25. axb4 g5 26. Nd3 Ra2 27. Rc1 Rea8
28. Ne5 R8a6 29. Bf1 Rb6 30. c3 Kg7 31. f3 Ne8 32. Rdd1 Ra3 33. Kf2 Nd6 34. Kg3
f5 35. Re1 Ra2 36. Re2 f4+ 37. Kg2 Rba6 38. Rec2 Rxc2+ 39. Rxc2 Rb6 40. Re2 Kf6
41. Re1 Nf7 42. Nd3 Rb7 43. Rxe6+ Kxe6 44. Nc5+ Ke5 45. Nxb7 d4 46. c4 d3 47.
Bxd3 Kd4 48. Bf1 Ne5 49. Nd6 Kc3 50. b5 cxb5 51. cxb5 1-0

[Event "XXVII Festival Conca della Presolana A"]
[Site "Bratto - Castione della Presolana ITA"]
[Date "2007.08.23"]
[Round "1"]
[White "David, Alberto"]
[Black "Capurro, Giuliano"]
[Result "1-0"]
[WhiteElo "2529"]
[BlackElo "2139"]
[PlyCount "77"]
[EventDate "2007.08.23"]

1. e4 e5 2. Nf3 Nf6 3. Nxe5 d6 4. Nf3 Nxe4 5. Nc3 Nxc3 6. dxc3 Be7 7. Bf4 Nd7
8. Qd2 O-O 9. O-O-O Nc5 10. Be3 Bg4 11. Be2 Bf6 12. h3 Be6 13. Kb1 Qe8 14. Nd4
Ne4 15. Qe1 Bxd4 16. Bxd4 c5 17. Be3 Qa4 18. c4 b5 19. f3 Nf6 20. b3 Qa6 21.
cxb5 Qb6 22. Qg3 d5 23. Bg5 Nh5 24. Qh4 g6 25. g4 f6 26. gxh5 fxg5 27. Qxg5 Rf5
28. Qe7 Rf7 29. Qh4 Qd8 30. Qg3 Bf5 31. hxg6 hxg6 32. h4 Qa5 33. Bd3 Bxd3 34.
Rxd3 Qb6 35. Rxd5 Rf6 36. h5 Re8 37. hxg6 Rxg6 38. Rg5 Ree6 39. Rh6 1-0

[Event "XXVII Festival Conca della Presolana A"]
[Site "Bratto - Castione della Presolana ITA"]
[Date "2007.08.23"]
[Round "1"]
[White "De Santis, Alessio"]
[Black "Campomori, Bruno"]
[Result "1-0"]
[WhiteElo "2345"]
[BlackElo "2043"]
[PlyCount "65"]
[EventDate "2007.08.23"]

1. d4 e6 2. c4 f5 3. Nc3 Nf6 4. Bf4 Be7 5. e3 O-O 6. Bd3 d6 7. h3 Nbd7 8. Nf3
Re8 9. g4 Nf8 10. gxf5 exf5 11. Qc2 g6 12. O-O-O c6 13. Rdg1 Kh8 14. h4 Nh5 15.
Bh6 Bf6 16. Ng5 Qe7 17. Be2 Bg7 18. Bxg7+ Nxg7 19. h5 Nge6 20. Nxe6 Qxe6 21.
hxg6 Nxg6 22. d5 Qf6 23. Rh6 Kg7 24. Rgh1 Rh8 25. Bd3 Qe5 26. Qe2 Bd7 27. Qh5
Raf8 28. Rxh7+ Rxh7 29. Qxh7+ Kf6 30. Rh6 Qe8 31. f4 Qxe3+ 32. Kc2 Qe8 33.
Rxg6+ 1-0

[Event "XXVII Festival Conca della Presolana A"]
[Site "Bratto - Castione della Presolana ITA"]
[Date "2007.08.23"]
[Round "1"]
[White "Dervishi, Erald"]
[Black "Cordara, Michele"]
[Result "1-0"]
[WhiteElo "2553"]
[BlackElo "2151"]
[PlyCount "65"]
[EventDate "2007.08.23"]

1. e4 c5 2. Nf3 d6 3. d4 cxd4 4. Nxd4 Nf6 5. Nc3 a6 6. Be2 e5 7. Nb3 Be6 8. O-O
Nbd7 9. Kh1 Rc8 10. f4 Be7 11. f5 Bc4 12. Bxc4 Rxc4 13. Qd3 Qc7 14. Be3 b5 15.
a4 b4 16. Nd2 Rc6 17. Na2 Nc5 18. Bxc5 dxc5 19. Nc4 O-O 20. c3 Nh5 21. Qf3 Rh6
22. Nc1 Bg5 23. Nd3 Re8 24. Rad1 Bf4 25. Kg1 Qe7 26. g3 Qg5 27. Kg2 Nf6 28. Nf2
g6 29. Nh3 Rxh3 30. Kxh3 gxf5 31. gxf4 Qh6+ 32. Kg2 Kh8 33. Nxe5 1-0

[Event "XXVII Festival Conca della Presolana A"]
[Site "Bratto - Castione della Presolana ITA"]
[Date "2007.08.23"]
[Round "1"]
[White "Di Lascio, Savino"]
[Black "Rombaldoni, Axel"]
[Result "0-1"]
[WhiteElo "2014"]
[BlackElo "2269"]
[PlyCount "78"]
[EventDate "2007.08.23"]

1. Nf3 d5 2. g3 Nf6 3. Bg2 Bg4 4. d3 c6 5. Nbd2 Nbd7 6. O-O e5 7. e4 Be7 8. Qe2
Qc7 9. Re1 d4 10. h3 Bxf3 11. Nxf3 c5 12. Nh2 g6 13. Bh6 Bf8 14. Bg5 Nh5 15.
Bf3 Ng7 16. Bg4 h6 17. Bxd7+ Qxd7 18. Ng4 Be7 19. Bf6 Kf8 20. Nxe5 Qxh3 21. Qf3
Qe6 22. Bxe7+ Kxe7 23. Nc4 b5 24. Na5 Qb6 25. e5 Rhc8 26. Nb7 Qc6 27. Kg2 Ne8
28. Qe4 a5 29. Nd6 Nxd6 30. exd6+ Kxd6 31. Qxc6+ Rxc6 32. Re4 Kd7 33. Rae1 Re6
34. Kf3 Rae8 35. a3 Rxe4 36. Rxe4 Rxe4 37. Kxe4 Ke6 38. b4 f5+ 39. Kf4 cxb4 0-1

[Event "XXVII Festival Conca della Presolana A"]
[Site "Bratto - Castione della Presolana ITA"]
[Date "2007.08.23"]
[Round "1"]
[White "Drabke, Lorenz Maximilian"]
[Black "Djabri, Zafer M."]
[Result "1-0"]
[WhiteElo "2416"]
[BlackElo "2091"]
[PlyCount "63"]
[EventDate "2007.08.23"]

1. e4 c5 2. Nf3 Nc6 3. Bb5 g6 4. Bxc6 dxc6 5. d3 Bg7 6. h3 e5 7. Be3 b6 8. Qd2
Qc7 9. Nc3 Nf6 10. Bh6 O-O 11. O-O-O b5 12. Nh2 Ne8 13. Ne2 Be6 14. Kb1 Rd8 15.
Bxg7 Nxg7 16. Qe3 c4 17. Ng4 f6 18. d4 exd4 19. Nh6+ Kh8 20. Rxd4 c5 21. Rdd1
b4 22. Nf4 Qe5 23. Ng4 Qg5 24. f3 Bxg4 25. hxg4 Ne6 26. g3 Nd4 27. c3 bxc3 28.
Qxc3 Rb8 29. Qxc4 Rb4 30. Qd5 Rfb8 31. Rxh7+ Kxh7 32. Qf7+ 1-0

[Event "XXVII Festival Conca della Presolana A"]
[Site "Bratto - Castione della Presolana ITA"]
[Date "2007.08.23"]
[Round "1"]
[White "Dvirnyy, Danyyil"]
[Black "Carosso, Andrea"]
[Result "1-0"]
[WhiteElo "2365"]
[BlackElo "2046"]
[PlyCount "45"]
[EventDate "2007.08.23"]

1. e4 c6 2. d4 d5 3. Nd2 dxe4 4. Nxe4 Nd7 5. Nf3 Ngf6 6. Nc3 g6 7. Bd3 Bg7 8.
O-O O-O 9. Re1 c5 10. Be3 b6 11. d5 Bb7 12. Bc4 a6 13. a4 Qc7 14. Bg5 Rae8 15.
Qd2 Kh8 16. Rad1 Ng8 17. Bxe7 Nxe7 18. d6 Qd8 19. dxe7 Rxe7 20. Rxe7 Qxe7 21.
Qxd7 Qxd7 22. Rxd7 Bxf3 23. gxf3 1-0

[Event "XXVII Festival Conca della Presolana A"]
[Site "Bratto - Castione della Presolana ITA"]
[Date "2007.08.23"]
[Round "1"]
[White "Gallucci, Alessio"]
[Black "Valenti, Giuseppe"]
[Result "0-1"]
[WhiteElo "2006"]
[BlackElo "2221"]
[PlyCount "104"]
[EventDate "2007.08.23"]

1. e4 c5 2. Nf3 e6 3. d4 cxd4 4. Nxd4 a6 5. Nc3 Qc7 6. Be2 b5 7. Bf3 Bb7 8. O-O
Nc6 9. Be3 Ne5 10. Re1 Nf6 11. Bf4 Be7 12. Kh1 d6 13. Bxe5 dxe5 14. Ndxb5 axb5
15. Nxb5 Qb6 16. c4 O-O 17. Re2 Bc6 18. a4 Rfd8 19. Qe1 Qc5 20. b3 Rd3 21. Rb1
g5 22. h3 h5 23. Qc1 g4 24. Qg5+ Kh7 25. hxg4 Rg8 26. Qh4 Kh6 27. Kg1 Nxg4 28.
Qh3 f5 29. Nc7 Qd6 30. Nb5 Rd1+ 31. Re1 Rxe1+ 32. Rxe1 Qd2 33. Rf1 fxe4 34.
Bxg4 Rxg4 35. Qe3+ Qxe3 36. fxe3 Bc5 37. Kf2 Rf4+ 38. Ke2 Rxf1 39. Kxf1 Bxe3
40. a5 Bd2 41. Nd6 Bxa5 42. Nf7+ Kg7 43. Nxe5 Bb7 44. Nd7 Ba8 45. Nc5 Kf6 46.
Na6 Bb7 47. Nc5 Bc6 48. Na6 Bc3 49. b4 e3 50. b5 Bxg2+ 51. Ke2 Bd4 52. c5 h4
0-1

[Event "XXVII Festival Conca della Presolana A"]
[Site "Bratto - Castione della Presolana ITA"]
[Date "2007.08.23"]
[Round "1"]
[White "Gasperoni, Stefano"]
[Black "Scalcione, Michelangelo"]
[Result "1/2-1/2"]
[WhiteElo "2024"]
[BlackElo "2288"]
[PlyCount "168"]
[EventDate "2007.08.23"]

1. e4 d6 2. d4 Nf6 3. Nc3 e5 4. Bg5 Be7 5. dxe5 dxe5 6. Qxd8+ Bxd8 7. Bc4 O-O
8. O-O-O Nbd7 9. f3 c6 10. Be3 Bb6 11. Bxb6 axb6 12. a4 Nc5 13. b3 Be6 14. Bxe6
Nxe6 15. Nge2 Rfd8 16. Rxd8+ Rxd8 17. Rd1 Ra8 18. Kb2 Kf8 19. Ng3 g6 20. Nf1
Ke7 21. Ne3 Rd8 22. Rxd8 Nxd8 23. Nc4 Nd7 24. Kc1 Ne6 25. Kd2 h5 26. Ne2 Nc7
27. Ke3 b5 28. axb5 Nxb5 29. Kd3 b6 30. Nc3 Nc7 31. Ke3 Ne6 32. Ne2 b5 33. Nb2
Kd6 34. Nd3 Nb6 35. Nb2 c5 36. c3 c4 37. b4 f5 38. g3 fxe4 39. fxe4 g5 40. Nd1
g4 41. Nf2 Ng5 42. Ng1 Na4 43. Kd2 Ke6 44. h4 gxh3 45. Ngxh3 Nxh3 46. Nxh3 Kf6
47. Kc2 Kg6 48. Kd2 Nb2 49. Ke3 Na4 50. Kd2 Kh6 51. Kc2 Nb6 52. Kd2 Kg6 53. Ke3
Nc8 54. Ng1 Kg5 55. Nf3+ Kf6 56. Nh4 Nd6 57. Nf3 Nf7 58. Kf2 Ng5 59. Nd2 Nf7
60. Nf3 Nd6 61. Ke3 Nc8 62. Nh4 Ne7 63. Nf3 Ng6 64. Kf2 Ke6 65. Nh4 Ne7 66. Ke3
Kf6 67. Nf3 Nc8 68. Nh4 Nb6 69. Nf3 Na4 70. Kd2 Nb2 71. Ke3 Nd3 72. Ke2 Nb2 73.
Ke3 Nd1+ 74. Kd2 Nf2 75. Ke3 Nh1 76. Nd2 Nxg3 77. Kf3 h4 78. Kg4 Ne2 79. Nb1
Ng3 80. Nd2 Ne2 81. Nb1 Ke6 82. Kxh4 Kd6 83. Kg4 Nc1 84. Kf3 Nd3 1/2-1/2

[Event "XXVII Festival Conca della Presolana A"]
[Site "Bratto - Castione della Presolana ITA"]
[Date "2007.08.23"]
[Round "1"]
[White "Jaracz, Pawel"]
[Black "Massironi, Marco"]
[Result "1-0"]
[WhiteElo "2495"]
[BlackElo "2129"]
[PlyCount "74"]
[EventDate "2007.08.23"]

1. e4 c5 2. Nf3 d6 3. d4 cxd4 4. Nxd4 Nf6 5. f3 a6 6. c4 e6 7. Nc3 Qc7 8. Be2
Be7 9. O-O O-O 10. Be3 Nbd7 11. Qd2 b6 12. Rfc1 Bb7 13. b4 Rac8 14. Na4 Qb8 15.
Rab1 Kh8 16. Rc2 Qa8 17. Nb3 b5 18. cxb5 Rxc2 19. Qxc2 axb5 20. Bxb5 d5 21.
Bxd7 Nxd7 22. Nac5 Rc8 23. Qf2 Nxc5 24. Bxc5 Bxc5 25. Nxc5 dxe4 26. fxe4 Bxe4
27. Re1 Bd5 28. a4 Qb8 29. Rb1 f5 30. a5 e5 31. Qxf5 Rf8 32. Qd3 Qa8 33. Rf1
Rd8 34. Rd1 Qc8 35. h3 Rd6 36. a6 Qd8 37. Nb7 Qg5 1-0

[Event "XXVII Festival Conca della Presolana A"]
[Site "Bratto - Castione della Presolana ITA"]
[Date "2007.08.23"]
[Round "1"]
[White "Kilpatrick, Callum"]
[Black "Hunt, Adam C."]
[Result "0-1"]
[WhiteElo "2120"]
[BlackElo "2461"]
[PlyCount "66"]
[EventDate "2007.08.23"]

1. d4 Nf6 2. c4 g6 3. Nc3 d5 4. Nf3 Bg7 5. cxd5 Nxd5 6. Bd2 O-O 7. e4 Nb6 8.
Be3 Bg4 9. Be2 Nc6 10. e5 Qd7 11. h3 Bxf3 12. Bxf3 Rad8 13. Bxc6 Qxc6 14. Qf3
Qxf3 15. gxf3 f6 16. f4 c5 17. O-O-O cxd4 18. Bxd4 Bh6 19. exf6 Bxf4+ 20. Kb1
exf6 21. Bxb6 axb6 22. Nd5 Be5 23. f4 Bd6 24. Nxb6 Rfe8 25. Nd5 Kf7 26. h4 h5
27. f5 gxf5 28. Rhf1 Be5 29. Ne3 Rxd1+ 30. Rxd1 f4 31. Nf5 Kg6 32. Nd4 Bxd4 33.
Rxd4 Kf5 0-1

[Event "XXVII Festival Conca della Presolana A"]
[Site "Bratto - Castione della Presolana ITA"]
[Date "2007.08.23"]
[Round "1"]
[White "Madiai, Federico"]
[Black "Isonzo, David"]
[Result "0-1"]
[WhiteElo "2044"]
[BlackElo "2356"]
[PlyCount "66"]
[EventDate "2007.08.23"]

1. Nf3 Nf6 2. d4 g6 3. c4 Bg7 4. Nc3 O-O 5. e4 d6 6. Be2 Bg4 7. O-O Nc6 8. Be3
Nd7 9. Ne1 Bxe2 10. Nxe2 a6 11. Qd2 Re8 12. Nd3 e6 13. Rac1 Ne7 14. f3 d5 15.
b3 c6 16. Rfd1 a5 17. a4 dxe4 18. fxe4 Nf6 19. Nf2 Nd7 20. Ng4 Nf6 21. Nh6+
Bxh6 22. Bxh6 Nxe4 23. Qf4 Nf5 24. Qxe4 Nxh6 25. Qf4 Nf5 26. Nc3 Qe7 27. Ne4 e5
28. dxe5 Qxe5 29. Qxe5 Rxe5 30. Re1 Kg7 31. g4 Nd4 32. Nd2 Rae8 33. Kf2 Re2+
0-1